000 00742nam a2200253 a 4500
001 62731
003 BD-RjUL
005 20211209081121.0
008 170125s1991 miu 000 1 eng d
020 _a0310572517
035 _a(BD-RjUL)62858
040 _aDLC
_cDLC
_dDLC
_dOCoLC
_beng
041 _aeng
082 0 0 _a813
_223
_bMYC 1991
100 1 _aMyra, Harold Lawrence,
_d1939-
_9186467
245 1 0 _aChildren in the night /
_cby Harold Myra.
260 _aGrand Rapids, Mich. :
_bZondervan Pub. House,
_cc1991.
300 _a301 p. ;
_c23 cm.
650 0 _aLight
_xFiction.
_9186468
650 0 _aGood and evil
_xFiction.
_9186469
655 7 _aFantastic fiction.
_2gsafd
_9186470
942 _2ddc
_cBK
999 _c62731
_d62731